000 00654cab a2200217 4500
001 WB3239-29
008 090401t1996 xxu||||| |||| 00| 0 eng d
035 _a(Sirsi) u27422
041 _aeng
245 _aTamworth housing market
260 _c1996
350 _a0
490 _aDaily Telegraph
_vWeekend 12 October 1996, 8(1)
520 _aHouse prices in Tamworth have risen over the past few months, but are still 10-20% cheaper than the UK average.
650 _aHOUSE PRICES
650 _aTAMWORTH
650 _aWEST MIDLANDS
690 _aPROPERTY-RESIDENTIAL PROPERTY-RESIDENTIAL PROPERTY MARKET
942 _n0
948 _c04/03/1997
999 _c18453
_d18453